Statistics for RuPaul's Drag Race: Last Places (until S13)

Click here to take the quiz!

General Stats

  • This quiz has been taken 680 times
    (393 since last reset)
  • The average score is 10 of 20

Answer Stats

SeasonLast Place% Correct
Season 1Victoria "Porkchop" Parker
93%
Season 2Shangela
72%
All Stars 1Pandora Boxx
70%
All Stars 1Mimi Imfurst
69%
Season 6Kelly Mantle
66%
Season 5Penny Tration
62%
Season 3Venus D-Lite
55%
All Stars 2Coco Montrese
54%
Season 7Tempest DuJour
51%
Season 8Dax ExclamationPoint
47%
Season 8Laila McQueen
46%
Season 4Alisa Summers
45%
Season 9Jaymes Mansfield
38%
Season 10Vanessa Vanjie Mateo
37%
Season 13Kahmora Hall
34%
Season 12Dahlia Sin
31%
Season 11Soju
30%
All Stars 5Derrick Barry
29%
All Stars 4Jasmine Masters
26%
All Stars 3Thorgy Thor
19%

Score Distribution

Percentile by Number Answered

Percent of People with Each Score

Your Score History

You have not taken this quiz since the last reset